LEADER 01510nam a2200265 i 4500 001 000000235054 003 CaOOAMICUS 005 20240405141038.0 008 141028s1789 it u000 u ita u 026 $aons- heso tite "i"g (3) 1789 (R) 040 $aSeMil$bita 100 1 $aFeller, François-Xavier : de,$d<1735-1802>.$0(OLS)http://semarc/name/13136 240 10$aRéflexions sur les 73 articles du Pro memoria présenté à la diète de l'Empire, touchant les nonciatures, de la part de l'archevêque électeur de Cologne.$0(OLS)http://semarc/title/335239 245 10$aRiflessioni sopra i 73 articoli della Pro-memoria presentata alla Dieta dell'Impero, sulle nunziature, da parte dell'arcivescovo elettore di Colonia: tradotte dal francese. 260 $aMilano :$b[s.n.],$c1789. 300 $a240 p. ;$c8º. 500 $aPer l'autore, Francois Xavier de Feller, vedi BNF e Barbier, v. 3, col. 294 500 $aSegn.: A-P8 650 4$aApologetica.$0(OLS)http://semarc/subject/703 700 1 $aBerton, Charles-Pierre,$c.$0(OLS)http://semarc/name/21749 850 $aSeMil 852 $aSeMil$W1$xVenegono$y1$m3B II 122 FA$j185400$B185400$CSeMilBibl$Z2$F196274 $8I 996 $6245$aRiflessioni sopra i 73 articoli della Pro-memoria presentata alla Dieta dell'Impero, sulle nunziature, da parte dell'arcivescovo elettore di Colonia: tradotte dal francese$9(OLS)http://semarc/title/335238 996 $6260$aMilano :$b[s.n.]$9(OLS)http://semarc/publisher/29709 LEADER 02079nam a2200301 i 4500 001 000000030057 003 CaOOAMICUS 005 20220201144903.0 008 180830s17411750it u000 u ita u 040 $aSeMil$bita 100 1 $aCalmet, Augustin,$c.$0(OLS)http://semarc/name/89253 245 13$aIl tesoro delle antichità sacre e profane tratto da' comenti del reverendo padre D. Agostino Calmet abbate benedettino sopra la Sacra Scrittura e dato in luce da Lamberto Gaetano Ponsanpieri sacerdote e patrizio lucchese. Tomo 1. [-6.]. 250 $aSeconda edizione ordinata e corretta, ed accresciuta particolarmente della Biblioteca Sacra del medesimo autore 264 1$aIn Verona ed in Venezia :$bPer Dionisio Ramanzini libraio a S. Tomio e Francesco Pitteri libraio in Merzeria,$c1741-1750. 300 $a6 v. ;$c4°. 500 $aFront. del vol. 1 stampato in rosso e nero. - Fregio xilogr. sui front. - Iniz., fregi xilogr. - I luoghi di edizione e i rispettivi editori appaiono invertiti nei vol. 2, 4, 6. - Sul vol. 3. la parola "Sacra" è sostituita dalla parola "Divina". - Consistenza : 2 copie dell'intera opera. 700 1 $aPonsanpieri, Lamberto Gaetano,$d.$0(OLS)http://semarc/name/13760 700 1 $aPitteri, Francesco,$c.$0(OLS)http://semarc/name/2852 700 1 $aRamanzini, Dionisio,$c.$0(OLS)http://semarc/name/3048 774 0 $tTomo 1.$g1$w()227123 774 0 $tTomo 2.$g2$w()227124 774 0 $tTomo 3.$g3$w()227125 774 0 $tTomo 4.$g4$w()227126 774 0 $tTomo 5.$g5$w()227127 774 0 $tTomo 6.$g6$w()227128 996 $6245$aIl tesoro delle antichità sacre e profane tratto da' comenti del reverendo padre D. Agostino Calmet abbate benedettino sopra la Sacra Scrittura e dato in luce da Lamberto Gaetano Ponsanpieri sacerdote e patrizio lucchese. Tomo 1. [-6.]$9(OLS)http://semarc/title/401953 996 $6264$aIn Verona ed in Venezia :$bPer Dionisio Ramanzini libraio a S. Tomio e Francesco Pitteri libraio in Merzeria$9(OLS)http://semarc/publisher/60306